000 00775nas a2200241 4500
001 BR9505153
003 BR-BrBNA
005 20231205094212.0
007 ta
008 230509b bl.|||p| |||| 00| 00por d
040 _aBR-BrBNA
_bpor
_cBiblioteca Nacional de Agricultura
041 _a(Pt)
072 _aU10
100 1 _aFerreira, D.F.
100 1 _aDuarte, G. de S.
245 1 _aEficiencia da analise de variancia multivariada comparada a analise de variancia univariada em experimentos com soja
650 _aEstatistica Agricola
650 _aSoja
650 _aAnalise Estatistica
773 0 _tCiencia e Pratica (Brazil)
_xISSN 0100-3267
_g(Apr-Jun 1992), v. 16(2) p. 229-232
_wBR9505153
909 _a202311
_bLúcia
_c55
_dLúcia Elande
942 _2AGRIS
_n0
_cANA
999 _c142737
_d142737